Ukrainian Refugees by Country - Statistics

General Stats
  • This quiz has been taken 1,751 times
    1,346 since last reset
  • The average score is 27 of 37
Answer Stats
# (by thousand) Country % Correct
3,358 Poland
98%
715 Germany
95%
27 United Kingdom
91%
55 France
90%
920 Romania
90%
838 Russia
90%
75 Spain
89%
117 Italy
86%
422 Slovakia
86%
36 Sweden
85%
606 Hungary
84%
463 Moldova
83%
22 Finland
82%
11 Norway
81%
27 Belarus
80%
330 Czechia
78%
21 Greece
78%
29 Latvia
78%
64 Austria
77%
253 Bulgaria
77%
53 Lithuania
77%
33 Portugal
77%
6 Serbia
76%
85 Turkey
76%
37 Estonia
75%
30 Denmark
73%
22 Slovenia
73%
25 Switzerland
72%
18 Croatia
71%
21 Netherlands
71%
31 Belgium
70%
23 Ireland
65%
0.75 Australia
27%
35 Israel
25%
10 Cyprus
22%
0.44 Japan
22%
1 Brazil
13%
No matching quizzes found
Score Distribution
Percent of People with Each Score
Percentile by Number Answered
Your Score History
You have not taken this quiz since the last reset